01133 a2200217 4500003000500000005001700005010001600022020002700038040000900065082001200074245006600086260006500152300004500217505043000262538003300692650003500725700002500760942000800785999001900793952010300812Nust20170207152506.0 a 98053084 a0819430374 (softcover) cNust00a621.36700aElectronic imaging technology /cEdward R. Dougherty, editor. aBellingham, Wash. :bSPIE Optical Engineering Press,cc1999. axv, 432 p. :bill. (some col.) ;c26 cm. aIntroduction Page 1, Video Compression Standards Page 31, Multimedia Systems Page 65, Vision And Visualization Page 83, Color Image Processing Page 121, Enhancement Of Digital Documents Page 167.Digital Half toning For Printing And Display Of Electronic Images Page 225, Document Recognition Page 289, Lexicon-Driven Handwritten Word Recognition Page 317Scanning Page 349, Hardware Architecture For Image Processing Page 387. aAlmirah No.24 and Shelf No.3 0aTelecommunication Engineering.1 aDougherty, Edward R. cREF c175571d175571 00102ddc40708NFICaMCSbMCSd2016-12-12l0o621.367 ELEpMCS30925r2016-12-08w2016-12-12yBK